| 000 | 00464nam a2200169Ia 4500 | ||
|---|---|---|---|
| 008 | 131103s9999 xx 000 0 und d | ||
| 040 | _aLoreto College | ||
| 041 | _aEnglish | ||
| 082 |
_aRER _bLCBED/7394 |
||
| 245 |
_aFamily word finder _b a new thesaurus of synonyms and antonyms in dictionary form |
||
| 260 |
_aNew York _bReader's Digest _c1975 |
||
| 300 |
_a896p. _c 23cm. |
||
| 650 | _aDictionary | ||
| 651 | _aREF | ||
| 850 | _aLCBED/REF | ||
| 942 | _cBK | ||
| 999 |
_c34647 _d85126 |
||